Normal view
MARC view
- R. MADHANA SUPRIYA
Entry Personal Name
001 - CONTROL NUMBER
- control field: 3674
003 - CONTROL NUMBER IDENTIFIER
- control field: OSt
005 - DATE AND TIME OF LATEST TRANSACTION
- control field: 20181011103004.0
008 - FIXED-LENGTH DATA ELEMENTS
- fixed length control field: 181011|| aca||aabn | a|a d
040 ## - CATALOGING SOURCE
- Original cataloging agency: OSt
- Transcribing agency: OSt
100 ## - HEADING--PERSONAL NAME
- Personal name: R. MADHANA SUPRIYA
670 ## - SOURCE DATA FOUND
- Source citation: Work cat.: (OSt)14988: R. MADHANA SUPRIYA, Development and evaluation of modified atmosphere packed passion fruit (Passiflora edulis)
